000 00960nam a2200313 a 4500
003 AR-BaBNM
005 20251128204129.0
008 082120s2002 ||||||||||||||000 | spa||
020 _a950-25-0125-x
040 _cAR-BaBNM
245 0 0 _aMovimientos sociales
_blos crímenes del Tandil, 1872
260 _aBuenos Aires
_bCentro Editor de América Latina
_c1983
300 _a91 p.
490 0 _aHistoria testimonial Argentina: Documentos vivos de nuestro pasado
_vv. 5
504 _aBibliografía en p.16
650 4 _aHISTORIA ARGENTINA
650 4 _aHISTORIA DE BUENOS AIRES
650 4 _aINMIGRACION EN ARGENTINA
650 4 _aCONFLICTO DE CLASES
650 4 _aPROBLEMAS SOCIALES
650 4 _aCOMPORTAMIENTO ANTISOCIAL
650 4 _aDOCUMENTOS
650 4 _aMATERIAL FUENTE
700 1 _aNario, Hugo
_ecompilador
800 1 _aBertoni, Lilia Ana
_edirector
800 1 _aRomero, Luis Alberto
_edirector
942 _cBK
998 _cMarce
999 _c6291
_d6291